000 00312nam a2200157Ia 4500
100 _aLutz/Mark/ Ascher/David
942 _cBK
366 _f20
654 _apython
245 _aLearning Python
260 _bOreilly
_c2004
082 _a005.133 P
_bLUT
300 _a591
546 _aENGLISH
999 _c26056
_d26056